La utilidad de lo inútil: manifiesto. Con un ensayo de Abraham Flexner
Kaydedildi:
| Yazar: | |
|---|---|
| Diğer Yazarlar: | |
| Materyal Türü: | Kitap |
| Dil: | İspanyolca |
| Baskı/Yayın Bilgisi: |
Barcelona
Acantilado
2013
|
| Edisyon: | 3a. ed |
| Seri Bilgileri: | Acantilado Bolsillo, 36
|
| Konular: | |
| Etiketler: |
Etiketle
Etiket eklenmemiş, İlk siz ekleyin!
|
MARC
| LEADER | 00000cam a2200000 a 4500 | ||
|---|---|---|---|
| 001 | UCE2785 | ||
| 003 | CL-VaPUC | ||
| 005 | 20221027135437.0 | ||
| 008 | 140724e20130000sp |||||||||||||||||spa|d | ||
| 999 | |c 356346 |d 356344 | ||
| 020 | |a 9788415689928 | ||
| 040 | |c Pontificia Universidad Católica de Valparaíso | ||
| 082 | 0 | 4 | |a 195 |b ORD |2 21 |
| 100 | |a Ordine, Nuccio |e autor |9 222288 | ||
| 245 | 1 | 3 | |a La utilidad de lo inútil: manifiesto. Con un ensayo de Abraham Flexner |
| 250 | |a 3a. ed | ||
| 260 | |a Barcelona |b Acantilado |c 2013 | ||
| 300 | |a 171 p | ||
| 490 | 0 | |a Acantilado Bolsillo, 36 | |
| 583 | |a last modification |c 20140724 10:48:00 |k Rodrigo Vera | ||
| 650 | 0 | |a Filosofía italiana |9 265241 | |
| 650 | 0 | |a Filosofía contemporánea |9 265372 | |
| 700 | |a Bayod Brau, Jordi |e traducción |9 878044 | ||
| 942 | |c BK |2 ddc | ||
| 945 | |d 20140724 10:48:00 |a dcastane | ||
| 952 | |0 0 |1 0 |3 erb |4 0 |6 195_000000000000000_ORD_2013 |7 0 |8 A |9 463618 |a BIBARQ |b BIBARQ |i 5092132 |l 1 |o 195 ORD 2013 |p 5092132 |r 2025-03-19 |s 2025-03-13 |w 2019-11-23 |y BK |z Catalogado en:20140724 |k ARQ | ||